000
00223nam a2200109Ia 4500
003
GCL
008
140319s9999 xx 000 0 ara d
040
_a
GCL /
_c
GCL
082
0
4
_a
ameter(s) passed
245
1
0
_a
?
300
_a
TA\
999
_c
25751
_d
25751